| 000 | 00826nam a22002297a 4500 | ||
|---|---|---|---|
| 999 |
_c19748 _d19748 |
||
| 003 | AR-CdUCM | ||
| 008 | 190506b ||||| |||| 00| 0 spa d | ||
| 040 |
_aMUNICIPALIDAD PROVINCIAL DEL CUSCO _cBIBLIOTECA MUNICIPAL DEL CUSCO |
||
| 082 |
_a409 / _bI65 |
||
| 100 |
_aIorgu, Iordan _941304 |
||
| 245 | _alingüística románica / | ||
| 260 |
_aMadrid : _bAlcalá, _c1967. |
||
| 300 |
_a755 páginas ; _c25 cm. |
||
| 440 |
_aColección Romania _nSerie lingüística _941305 |
||
| 505 | _aContenido: lingüística románica antes de 1900 -- La edad media -- El renacimiento y épocas posteriores -- La creación de la romanística... | ||
| 650 |
_aLingüística _91640 |
||
| 650 |
_aRomanticismo _9518 |
||
| 650 |
_alingüística Francesa _941306 |
||
| 700 |
_aAlvar, Manuel _95782 |
||
| 942 |
_2ddc _cLIBROS |
||
| 945 | _arcc | ||